| 000 | 00531nam a22001817a 4500 | ||
|---|---|---|---|
| 005 | 20251108164026.0 | ||
| 008 | 250721s1990 xx 000 0 ara d | ||
| 082 | 1 | 4 | _a216,5/خلي |
| 100 | 1 | _aالعقيلي، خليفة أحمد | |
| 245 | 1 | 0 | _aالزواج و الطلاق في الشريعة الإسلامية / |
| 264 | 1 |
_aمصراته : _bالدار الجماهيرية، _c1990. |
|
| 300 | _a334ص | ||
| 650 | 1 | 7 | _aالإسلام |
| 650 | 1 | 7 | _aالفقه |
| 650 | 1 | 7 | _aالزواج |
| 942 |
_2ddc _cBK |
||
| 999 |
_c1740 _d1740 |
||